000 00630nam a2200241Ia 4500
003 OSt
005 20221005114436.0
006 a|||||r|||| 00| 0
007 ta
008 221004b |||||||| |||| 00| 0 mal d
024 _a55949
037 _cTextual
040 _aCRL
_cCRL
_bmal
041 _2mal
_amal
082 _aO32,3M98x, J4
100 _aPillai Neelakanta Au.
_9625987
245 0 _aAstrologer
260 _c1954
650 _a MALAYALAM LITERATURE
_938866
650 _aMALAYALAM FICTION
_9183428
942 _hO32,3M98x, J4
_cTEXL
_2cc
999 _c1031366
_d1031366